000 00660nam a2200193 4500
999 _c189058
_d189058
005 20220610161948.0
010 _aENG-133230
020 _a9789354420580
_c1180.00
035 _aEN-116762
037 _bDBAD/PUB
082 _a192
245 _aLanguage, Mind and Society:
_bA Language and Education Reader/
_cEdited by Rama Kant Agnihotri and Rajesh Kumar
260 _aHyderabad
_bOrient Blackswan Private Limited
_c2022
270 _a3-6-752 Himayatnagar
_bHyderabad
_e500029
_mcentraloffie@orientblackswan.com
300 _a302p.
_c21cm(pbk)
700 _aAgnihotri, Rama Kant
700 _aKumar, Rajesh
942 _2ddc
_cEN
_h192
_mLAN